Mushroom production and processing technology (Record no. 41441)
[ view plain ]
| 000 -LEADER | |
|---|---|
| fixed length control field | 00324nam a2200121Ia 4500 |
| 082 ## - DEWEY DECIMAL CLASSIFICATION NUMBER | |
| Classification number | 635.82 |
| Item number | PAT |
| 100 ## - MAIN ENTRY--AUTHOR NAME | |
| Personal name | Pathak, V N |
| 245 #0 - TITLE STATEMENT | |
| Title | Mushroom production and processing technology |
| 260 ## - PUBLICATION, DISTRIBUTION, ETC. (IMPRINT) | |
| Place of publication | Bikaner |
| Name of publisher | Agro Botanica |
| Year of publication | 1998 |
| 650 ## - SUBJECT ADDED ENTRY--TOPICAL TERM | |
| Topical Term | Mushroom spawning |
| 942 ## - ADDED ENTRY ELEMENTS (KOHA) | |
| Koha item type | Books |
| Withdrawn status | Lost status | Damaged status | Not for loan | Home library | Current library | Date acquired | Cost, normal purchase price | Full call number | Accession Number | Koha item type |
|---|---|---|---|---|---|---|---|---|---|---|
| RRII Library | RRII Library | 16/12/2021 | 250.00 | 635.82 PAT | 21728 | Books |